| 000 | 00916nam a2200217Ia 4500 | ||
|---|---|---|---|
| 003 | GCL | ||
| 008 | 140319s9999 xx 000 0 ara d | ||
| 040 |
_aGCL / _cGCL |
||
| 082 | 0 | 4 |
_a610.9 _bب م |
| 100 | 1 | _aابن البيطار : ضياء ابو محمد عبدالله بن احمد المالقى النباتى | |
| 245 | 1 | 0 |
_aمفردات ديسقوريدس : كما ظهرت فى كتاب (المفردات) لابن البيطار / _cابن البيطار : ضياء ابو محمد عبدالله بن احمد المالقى النباتى |
| 700 | 1 | _aابومحمد عبدالله | |
| 700 | 1 | _aمحمد نزير شكرى | |
| 300 | _a180 ص | ||
| 490 |
_aمنشورات جامعة حلب _v0 |
||
| 650 | 0 | 4 | _aالطب عند العرب |
| 650 | 0 | 4 | _aالعلوم عند العرب |
| 650 | 0 | 4 | _aالعلماء المسلمون |
| 650 | 0 | 4 | _aالحضارة الاسلامية |
| 942 |
_2ddc _cBK |
||
| 999 |
_c46342 _d46342 |
||